| 000 | 00686nam a2200229 4500 | ||
|---|---|---|---|
| 003 | OSt | ||
| 005 | 20260422030519.0 | ||
| 006 | a | ||
| 008 | 240624b |||||||| |||| 00| 0 eng d | ||
| 020 | _a9789810697549 | ||
| 040 |
_aDWCL-Main lib. _cOC |
||
| 082 |
_2Twelfth edition _aCirc. 515 C444 2010 |
||
| 110 | _aLarry J. Goldstein | ||
| 245 | _aCalculus and its applications / | ||
| 250 | _aTwelfth edition | ||
| 260 |
_aSingapore : _bPearson Education South Asia Pte Ltd. , _cc2010. |
||
| 300 |
_axiv, _bvarious paging : ill. ; _c26 cm. |
||
| 500 | _aIncludes index. | ||
| 504 | _aIncludes index. | ||
| 650 | _a1. Calculus. | ||
| 942 |
_2ddc _n0 _cBK-CIRC _eTwelfth edition _kCirc |
||
| 999 |
_c1218 _d1218 |
||